Pembentukan kerangka kualiti pengurusan pembinaan projek perumahan dalam mengurangkan kecacatan perumahan teres baru siap /
Saved in:
| 主要作者: | |
|---|---|
| 格式: | Thesis 图书 |
| 语言: | Malay |
| 主题: | |
| 在线阅读: | http://studentsrepo.um.edu.my/id/eprint/4653 |
| 标签: |
添加标签
没有标签, 成为第一个标记此记录!
|
| LEADER | 01317cam a2200349 i 4500 | ||
|---|---|---|---|
| 001 | u1003615 | ||
| 003 | SIRSI | ||
| 005 | 201409191044 | ||
| 008 | 140919s2014 my a t 000 0 may m | ||
| 040 | |a UMM |e rda | ||
| 043 | |a a-my--- | ||
| 090 | |a TH145 |b UMP 2014 Norh | ||
| 100 | 0 | |a Noraini Hamzah, |e author. | |
| 245 | 1 | 0 | |a Pembentukan kerangka kualiti pengurusan pembinaan projek perumahan dalam mengurangkan kecacatan perumahan teres baru siap / |c Noraini Hamzah |
| 264 | 1 | |c 2014 | |
| 264 | 4 | |c 2014 | |
| 300 | |a xxvi, 450 leaves : |b illustrations ; |c 30 cm | ||
| 336 | |a text |2 rdacontent | ||
| 337 | |a unmediated |2 rdamedia | ||
| 338 | |a volume |2 rdacarrier | ||
| 502 | |b Ph.D |c Fakulti Alam Bina, Universiti Malaya |d 2014. | ||
| 504 | |a Bibliography: leaves 324-349 | ||
| 530 | |a Also issued in CD. | ||
| 650 | 0 | |a Public housing |z Malaysia |x Design and construction |x Management. | |
| 650 | 0 | |a Construction industry |z Malaysia |x Management | |
| 650 | 0 | |a Project management |z Malaysia. | |
| 650 | 0 | |a Building materials |x Defects. | |
| 710 | 2 | |a Universiti Malaya. |b Fakulti Alam Bina, |e degree granting institution. | |
| 856 | 4 | 1 | |u http://studentsrepo.um.edu.my/id/eprint/4653 |
| 900 | |a ZA | ||
| 596 | |a 1 | ||
| 999 | |a TH145 UMP 2014 NORH |w LC |c 1 |i A515976158 |d 11/5/2015 |f 11/5/2015 |g 1 |l STACKS |m P01UTAMA |r Y |s Y |t TESIS |u 7/5/2015 | ||
